Exuma International Airport Destinations (Moss Town, Bahamas) - Statistics

General Stats
  • This quiz has been taken 13 times
  • The average score is 6 of 7
Answer Stats
Airline Destination % Correct
Delta Connection Atlanta
100%
American Eagle Miami
100%
Bahamasair/Western Air Nassau
100%
Air Canada Toronto (Pearson)
100%
American Airlines/American Eagle Charlotte
75%
Bahamasair Fort Lauderdale
75%
Bahamasair Rock Sound
17%
No matching quizzes found
Score Distribution
Percent of People with Each Score
Percentile by Number Answered
Your Score History
You have not taken this quiz